Country Populations Century by Century Quiz Stats

 Plays Quiz Updated Feb 5, 2015

Challenge
Share
Tweet
Embed
Score 0/60 Timer 04:00
1,453 Plays Today
% Correct
China
99.6%
China
99.6%
China
99.6%
United States
99.2%
United States
99.2%
United States
99.2%
India
98.8%
India
98.8%
India
98.8%
Russia
96.9%
Russia
96.9%
Brazil
96.3%
Brazil
96.3%
Brazil
96.3%
Germany
95.6%
Germany
95.6%
France
95.2%
France
95.2%
United Kingdom
95.2%
Mexico
93.4%
Mexico
93.4%
Mexico
93.4%
Japan
92.3%
Japan
92.3%
Indonesia
87.1%
Indonesia
87.1%
Indonesia
87.1%
Italy
86%
Spain
85.9%
Pakistan
84.7%
% Correct
Pakistan
84.7%
Pakistan
84.7%
Egypt
84.2%
Egypt
84.2%
Nigeria
80.7%
Nigeria
80.7%
Nigeria
80.7%
Niger
80%
Iran
79.6%
Iran
79.6%
Turkey
75.3%
Turkey
75.3%
Turkey
75.3%
Bangladesh
70.7%
Bangladesh
70.7%
Bangladesh
70.7%
Vietnam
68.2%
Vietnam
68.2%
Thailand
67.1%
Poland
63.7%
Democratic Republic of Congo
60.8%
Philippines
60.3%
Philippines
60.3%
Ethiopia
57.9%
Ethiopia
57.9%
Ethiopia
57.9%
Ukraine
55.1%
Afghanistan
47.6%
Uganda
25.9%
Yemen
14.5%

You're not logged in!

Compare scores with friends on all Sporcle quizzes.
OR
Log In

You Might Also Like...

Show Comments

Extras

Top Quizzes Today


Score Distribution

Your Account Isn't Verified!

In order to create a playlist on Sporcle, you need to verify the email address you used during registration. Go to your Sporcle Settings to finish the process.

Report this User

Report this user for behavior that violates our Community Guidelines.

Details: